| 000 | 01093nam a2200205Ii 4500 | ||
|---|---|---|---|
| 003 | JO-AjNU | ||
| 008 | 230605s9999||||xx |||||||||||||| ||und|| | ||
| 017 | _a2014/7/3328 | ||
| 040 |
_aJO-AjNU _bara _erda _cJO-AjNU |
||
| 041 | _aara | ||
| 050 | 1 | 4 | _aPJ7538.F87 2014 |
| 100 | 3 |
_aتحرير فريحات، مريم جبر, _eauthor _946348 |
|
| 245 | 0 | 0 | _aالنص الأدبي الحديث في صناعة الأحداث ومواكبتها: وقائع المؤتمر الدولي الثاني لكلية الأداب والعلوم التربوية عجلون - جامعة عجلون الوطنية- الاردن - 5-7 آب 2014=Modern Literaray Text in the Making and Keeping up with Events : Proceedings of the Second International Conference of the FacuIty of Arts and Educational Sciences 5-7/8/2014 |
| 264 | 3 | 1 | _aاربد: عالم الكتب الحديث، 2014 |
| 300 | _a810ص | ||
| 336 |
_atext _btxt _2rdacontent |
||
| 337 |
_aunmediated _bn _2rdamedia |
||
| 338 |
_avolume _bnc _2rdacarrier |
||
| 650 | 4 |
_aالادب العربي - العصر الحديث - مؤتمرات _946349 |
|
| 999 |
_aA20155 _c23723 _d23723 |
||